000 00381nam a2200157Ia 4500
008 221030s9999 xx 000 0 und d
020 _a0074604821
041 _aEnglish
082 _a105.23
_bLaf
100 _aR. Lafore
245 0 _aObject - Oriented Programming in Turbo C++
260 _bGalgotia Pub
_aNew Delhi
_c2005
300 _a739
650 _aComputers
942 _cBK
999 _c8773
_d8773